Basic electrical engineering (Record no. 39261)

MARC details
000 -LEADER
fixed length control field 00368nam a2200157Ia 4500
020 ## - INTERNATIONAL STANDARD BOOK NUMBER
ISBN 0- 07- 021154- X
050 ## - CALL MARK
Classification number TK 145 .F53/
100 ## - STATEMENT OF RESPONSIBILITY--MAIN AUTHOR NAME
Personal name A. E. Fitzgerald
245 #0 - TITLE STATEMENT
Title Basic electrical engineering
260 ## - PUBLICATION, DISTRIBUTION, ETC. (IMPRINT)
Name of publisher MCGraw- Hill
260 ## - PUBLICATION, DISTRIBUTION, ETC. (IMPRINT)
Year of publication 1981
300 ## - PHYSICAL DESCRIPTION
Number of Pages 937 p
942 ## - ADDED ENTRY ELEMENTS (KOHA)
Koha item type Books
Holdings
Withdrawn status Lost status Source of classification or shelving scheme Damaged status Not for loan Permanent Location Current Location Date acquired Accession Number Price effective from Koha item type
    Library of Congress Classification     NILE UNIVERSITY OF NIGERIA - MAIN LIBRARY NILE UNIVERSITY OF NIGERIA - MAIN LIBRARY 06/03/2025 0009492 06/03/2025 Books
    Library of Congress Classification     NILE UNIVERSITY OF NIGERIA - MAIN LIBRARY NILE UNIVERSITY OF NIGERIA - MAIN LIBRARY 06/03/2025 0009493 06/03/2025 Books